មូសខ្លាអស់លក្ខណ៏ : (Record no. 8549)
[ view plain ]
| 000 -LEADER | |
|---|---|
| fixed length control field | 01670nam a22003137a 4500 |
| 001 - CONTROL NUMBER | |
| control field | 8549 |
| 003 - CONTROL NUMBER IDENTIFIER | |
| control field | FISKH |
| 005 - DATE AND TIME OF LATEST TRANSACTION | |
| control field | 20250929103726.0 |
| 008 - FIXED-LENGTH DATA ELEMENTS--GENERAL INFORMATION | |
| fixed length control field | 250929b cb ||||| |||| 00| 0 eng d |
| 020 ## - INTERNATIONAL STANDARD BOOK NUMBER | |
| International Standard Book Number | 9789996301094 |
| 040 ## - CATALOGING SOURCE | |
| Original cataloging agency | FISKH |
| Language of cataloging | khr |
| Transcribing agency | FISKH |
| Modifying agency | FISKH |
| 050 ## - LIBRARY OF CONGRESS CALL NUMBER | |
| Classification number | PZ7 |
| 082 ## - DEWEY DECIMAL CLASSIFICATION NUMBER | |
| Classification number | 590 |
| 100 ## - MAIN ENTRY--PERSONAL NAME | |
| Personal name | Tongleang, Noeun |
| 245 ## - TITLE STATEMENT | |
| Title | មូសខ្លាអស់លក្ខណ៏ : |
| Remainder of title | The unlucky tiger mosquitoes / |
| Statement of responsibility, etc. | និពន្ធដោយ លោក នឿន តុងលាង , ពិនិត្យអក្ខរាវិរុទ្ធ អ្នកស្រី គឹម ស៊ុន សុធារី |
| 260 ## - PUBLICATION, DISTRIBUTION, ETC. | |
| Place of publication, distribution, etc. | Phnom Penh : |
| Name of publisher, distributor, etc. | Reading Books , |
| Date of publication, distribution, etc. | 2010 . |
| 300 ## - PHYSICAL DESCRIPTION | |
| Extent | 20 pages : |
| Other physical details | color illustrations ; |
| Dimensions | 25 cm . |
| 490 ## - SERIES STATEMENT | |
| Series statement | ពិភពរឿងនិទាន |
| 505 ## - FORMATTED CONTENTS NOTE | |
| Formatted contents note | K <br/> |
| 520 ## - SUMMARY, ETC. | |
| Summary, etc. | ក្នុងរឿងនេះចង់អប់រំអោយប្អូនៗកុមារបានដឹងពីជំងីគ្រុនឈាម ដែលបណ្តាលមកពីមូសខ្លាខាំ និងវីធីការពារកុំអោយមានមូសខ្លា។ |
| 520 ## - SUMMARY, ETC. | |
| Summary, etc. | In this story, we want to educate children about dengue fever, which is caused by bites from Aedes mosquitoes, and how to prevent the breeding of these mosquitoes. |
| 521 8# - TARGET AUDIENCE NOTE | |
| Target audience note | 510 <br/> |
| Source | Lexile estimate <br/> |
| 521 8# - TARGET AUDIENCE NOTE | |
| Target audience note | K <br/> |
| Source | Raz-Plus <br/> |
| 650 ## - SUBJECT ADDED ENTRY--TOPICAL TERM | |
| Topical term or geographic name entry element | មូសខ្លាអស់លក្ខណ៏ |
| Form subdivision | រឿងនិទានកុមារ |
| 650 ## - SUBJECT ADDED ENTRY--TOPICAL TERM | |
| Topical term or geographic name entry element | Unlucky tiger mosquito |
| Form subdivision | Children's stories |
| 700 ## - ADDED ENTRY--PERSONAL NAME | |
| Personal name | Bunthorn, Theak |
| Relator term | Illustrator |
| 942 ## - ADDED ENTRY ELEMENTS (KOHA) | |
| Source of classification or shelving scheme | Dewey Decimal Classification |
| Koha item type | Khmer Books |
| Suppress in OPAC | No |
| Withdrawn status | Lost status | Source of classification or shelving scheme | Damaged status | Not for loan | Collection | Home library | Current library | Shelving location | Date acquired | Total Checkouts | Full call number | Barcode | Date last seen | Date last checked out | Copy number | Price effective from | Koha item type |
|---|---|---|---|---|---|---|---|---|---|---|---|---|---|---|---|---|---|
| Dewey Decimal Classification | Khmer-English Bilingual / ភាសាខ្មែរ-អង់គ្លេស | Footprints International School Library Network Toul Tom Poung Campus | Footprints International School Library Network Toul Tom Poung Campus | TTP Primary Khmer Bookshelves | 09/29/2025 | 1 | TON PZ7 590 | FIS04052 | 12/18/2025 | 12/11/2025 | 1 | 09/29/2025 | Khmer Books | ||||
| Dewey Decimal Classification | Khmer-English Bilingual / ភាសាខ្មែរ-អង់គ្លេស | Footprints International School Library Network Toul Tom Poung Campus | Footprints International School Library Network Toul Tom Poung Campus | TTP Primary Khmer Bookshelves | 10/09/2025 | TON PZ7 590 | FISBK03741 | 10/09/2025 | 2 | 10/09/2025 | Khmer Books |
